00250nam a22000977a 4500008004100000082001500041100002300056245004300079260002100122300000900143230626b xxu||||| |||| 00| 0 eng d a331.5bRIC cAudrey I. Richards aEconomic Development and Tribal Change aCambridgebEAISR a301p